000 00252nam a2200097Ia 4500
001 958817
005 20250826215911.0
008 250824s9999 xx 000 0 und d
245 0 _aCEMİL MERİÇİN DÜNYASI
_cMUSTAFA ARMAĞAN
260 _bKETEBE YAYINLARI
999 _c958817
_d958817